000 00448nam a2200181Ia 4500
001 2373
005 20260306144802.0
008 260306t2014||||xx |||||||||||||| ||spa||
041 _aESP
082 _a616.89
_bC12M
100 _aCaballo, Vicente E.
_eAUT
245 0 _aManual de psicopatología y trastornos psicológicos
260 _c2014
300 _a861 páginas :
_c24 cm.
650 _aGEN
654 _aCPS
942 _cLIB
_dJUS
_fJUS
_2ddc
_n
999 _c2373
_d2373